000 00360pam a2200157a 44500
008 230515b2003 xxu||||| |||| 00| 0 eng d
020 _aNULL
041 _aENGLISH
082 _aN.D.
100 _aCRANDELL T M
245 _aCNC MACHINING AND PROG. AN INTROD.
250 _a0
260 _aNULL
_bINDUSTRIAL PRESS
_c2003
300 _a606
650 _aNULL
999 _c586367
_d586367